Principios y Métodos de Epidemiología /

Kaydedildi:
Detaylı Bibliyografya
Yazar: MacMahon, Brian (autor)
Diğer Yazarlar: Pugh, Thomas F. (autor) (autor)
Materyal Türü: Kitap
Dil:İspanyolca
Edisyon:2a edición
Konular:
Etiketler: Etiketle
Etiket eklenmemiş, İlk siz ekleyin!

MARC

LEADER 00000nam^a2200000^a^4500
001 000074223
005 20250521000000.0
009 20260310091657.284
037 |a Acervo ITESO - Biblioteca 
041 |a ESP 
082 |a 614. 4  |b MAC 
100 |a MacMahon, Brian  |e (autor) 
245 1 0 |a Principios y Métodos de Epidemiología /  |c B. MacMahon, T.F. Pugh ; tr. por Abelardo Temoche. 
250 |a 2a edición 
264 |a México :  |b La Prensa Médica Mexicana,  |c 1975 
300 |a 339 p. 
336 |a texto  |b txt  |2 rdacontenido 
337 |a sin mediación  |b n  |2 rdamedio 
338 |a volumen  |b nc  |2 rdasoporte 
500 |a Traducción de: Epidemiology: Principles and Methods 
649 |a XX 
650 |a Ciencias Médicas 
650 |a Epidemiología 
650 |a Enfermedades -  |x Causas 
650 |a Enfermedades -  |x Causas 
700 |a Pugh, Thomas F.  |e (autor) 
910 |a Fondo Armando Suárez Gómez 
920 |a Impresos - Libros 
930 |a Fondos Especiales 
905 |a 111 
901 |a 0700005292  |b IT2  |c ESP  |u 20250521 
902 |a https://opac.biblio.iteso.mx/vufind/Record/000074223